ბათუმის შოთა რუსთაველის სახელმწიფო უნივერსიტეტის ბიბლიოთეკა

ნარკვევები საქართველოს პოლიტიკურ მოძღვრებათა ისტორიიდან. (ბიბ.ჩანაწერი № 36469)

000 -ლიდერი
ფიქსირებული სიგრძის საკონტროლო ველი 01035nam a2200229Ia 4500
001 - საკონტროლო ნომერი
საკონტროლო ველი 2384
003 - საკონტროლო ნომრის იდენტიფიკატორი
საკონტროლო ველი GE_BSU
005 - ბოლო ოპერაციის თარიღი და დრო
საკონტროლო ველი 20190527190131.0
008 - ფიქსირებული სიგრძის მონაცემთა ელემენტები - ზოგადი ინფორმაცია
ფიქსირებული სიგრძის საკონტროლო ველი 181216s1969||||ge |||||||||||||| ||geo||
040 ## - კატალოგიზაციის წყარო
Transcribing agency GE_BSU
041 ## - ენის კოდი
Language code of text/sound track or separate title geo
080 ## - უნივერსალური ათობითი კლასიფიკაციის ინდექსი
Universal Decimal Classification number 330.8(479.22)+94(479.22) ა–13
100 ## - მთავარი ჩანაწერი - პიროვნების სახელი
Personal name აბაშმაძე, ვ.
9 (RLIN) 1676
245 ## - ცნობა სათაურის შესახებ
Title ნარკვევები საქართველოს პოლიტიკურ მოძღვრებათა ისტორიიდან.
260 ## - გამოქვეყნების, გავრცელების, და სხვა. ცნობები
Place of publication, distribution, etc თბილისი
260 ## - გამოქვეყნების, გავრცელების, და სხვა. ცნობები
Date of publication, distribution, etc 1969
300 ## - ფიზიკური აღწერა
Extent 518 გვ.;
Other physical details 21 სმ.
504 ## - BIBLIOGRAPHY, ETC. NOTE
Bibliography, etc პირთა, გეოგრაფიულ სახელთა, ტერმინთა და საგანთა საძიებლები: გვ.518-531.
520 ## - SUMMARY, ETC.
Summary, etc რეზუმე რუს. და გერმ. ენებზე.
653 ## - INDEX TERM--UNCONTROLLED
Uncontrolled term პოლიტიკურ მოძღვრებათა ისტორია საქართველოში
942 ## - ADDED ENTRY ELEMENTS (KOHA)
Koha item type წიგნი
Source of classification or shelving scheme
ეგზემპლარები
ჩამოწერის სტატუსი დაკარგული ეგზემპლარის სტატუსი კლასიფიკაციის წყარო ან თაროზე გაწყობის სქემა დაზიანების სტატუსი არ გაიცემა მუდმივი მდებარეობა (დაცვის ადგილი) ამჟამინდელი ადგილსამყოფელი თაროზე განთავსების ადგილი შეძენის თარიღი ღირებულება, შესყიდვის ნორმალური ფასი სრული შენახვის შიფრი შტრიხკოდი ბოლო ოპერაციის თარიღი ეგზემპლარის მიმდევრობითი ნომერი (კეტერი?) ფასის ძალაში შესვლის თარიღი ეგზემპლარის სახეობა საჯარო შენიშვნა
          ბათუმის შოთა რუსთაველის სახელმწიფო უნივერსიტეტის მთავარი ბიბლიოთეკა ბათუმის შოთა რუსთაველის სახელმწიფო უნივერსიტეტის მთავარი ბიბლიოთეკა წიგნსაცავი 2018-12-17 18.00 330.8(479.22)+94(479.22) ა–13 4388 2018-12-17 4388 2018-12-17 წიგნი 18 ლ.